| 000 | 05111nas a2200769 i 4500 | ||
|---|---|---|---|
| 001 | 194043 | ||
| 003 | SpMaBN | ||
| 005 | 20250808225843.0 | ||
| 007 | ta | ||
| 008 | 202403d18701884sp er p 0uuub0spa | ||
| 010 |
_ac _b1 |
||
| 016 | 7 |
_abiseBNE19970165259 _2SpMaBN _zREB1996019915 |
|
| 022 | 0 | _a1577-9882 | |
| 035 | _a(OCoLC)436687433 | ||
| 035 | _abise0000065632 | ||
| 040 |
_aSpMaBN _bspa _cSIC _erdc _dES-MaACL |
||
| 080 | _a364 | ||
| 080 | _a343.81 | ||
| 130 |
_aLa Voz de la Caridad (Madrid) _9235653 |
||
| 210 | 0 | _aVoz caridad | |
| 222 | 3 | _aLa Voz de la caridad | |
| 245 | 0 | 3 |
_aLa Voz de la caridad : _brevista quincenal de beneficencia y establecimientos penales |
| 246 | 3 |
_aVoz de la caridad. _pSección de beneficencia |
|
| 246 | 3 |
_aVoz de la caridad. _pSección penitenciaria |
|
| 260 |
_aMadrid : _b[s.n.], _c1870-1884 _f(Imp. de la Viuda e Hijo de Eusebio Aguado) |
||
| 300 |
_a14 v. ; _c22 cm. |
||
| 310 | _aQuincenal | ||
| 336 |
_aTexto (visual) _2rdacontent |
||
| 337 |
_asin mediación _2rdamedia |
||
| 338 |
_2rdacarrier _avolumen |
||
| 362 | 0 |
_aN. 1 (15 marzo 1870)- (29 feb. 1884) _z |
|
| 362 | 1 | _aCesó en 1884 | |
| 500 | _aTítulo tomado de la cabecera | ||
| 510 |
_aCPPBAM, _c2742 |
||
| 515 | _aDesde el n. 236 (1 en. 1880) al n. 281 (15 nov. 1881) la publicación se edita en dos secciones: Sección de beneficencia; Sección penitenciaria | ||
| 530 | _aDisponible en formato digital. | ||
| 533 |
_aCopia digital. _bEspaña : _cMinisterio de Cultura y Deporte. Subdirección General de Coordinación Bibliotecaria, _d2018. |
||
| 540 |
_aLa copia digital se distribuye bajo licencia "Atributtion 4.0 International (CC BY 4.0)": _uhttps://creativecommons.org/licenses/by/4.0/ |
||
| 650 | 7 |
_aBeneficencia _2embne _9135682 |
|
| 650 | 7 |
_aEstablecimientos penitenciarios _2embne _912513 |
|
| 650 | 4 |
_aAsistencia social. Seguros _910379 |
|
| 655 | 7 |
_9226866 _aRevistas |
|
| 700 | 1 |
_aArenal, Concepción, _d1820-1893 _922591 _edrt |
|
| 752 |
_aEspaña _dMadrid |
||
| 852 | 4 |
_aES-MaACL _jD-238 _cSVI _hDonación: Francisco Lastres y Juiz _pv.1 (1871) _bR.H.4 _dOlim: 193-F-29 _fSello en tinta en portada: "Donativo del Sr. Lastres al Ateneo de Madrid. 1907" |
|
| 852 | 4 |
_aES-MaACL _jD-239 _cSVI _hDonación: Francisco Lastres y Juiz _pv.2 _bR.H.4 _dOlim: 193-F-30 _fSello en tinta en portada: "Donativo del Sr. Lastres al Ateneo de Madrid. 1907" |
|
| 852 | 4 |
_aES-MaACL _jD-240 _cSVI _hDonación: Francisco Lastres y Juiz _pv.3 _bR.H.4 _dOlim: 193-F-31 _fSello en tinta en portada: "Donativo del Sr. Lastres al Ateneo de Madrid. 1907" |
|
| 852 | 4 |
_aES-MaACL _jD-241 _cSVI _hDonación: Francisco Lastres y Juiz _pv.4 _bR.H.4 _dOlim: 193-F-32 _fSello en tinta en portada: "Donativo del Sr. Lastres al Ateneo de Madrid. 1907" |
|
| 852 | 4 |
_aES-MaACL _jD-242 _cSVI _hDonación: Francisco Lastres y Juiz _pv.5 _bR.H.4 _dOlim: 193-F-33 _fSello en tinta en portada: "Donativo del Sr. Lastres al Ateneo de Madrid. 1907" |
|
| 852 | 4 |
_aES-MaACL _jD-243 _cSVI _hDonación: Francisco Lastres y Juiz _pv.6 _bR.H.4 _dOlim: 193-F-34 _fSello en tinta en portada: "Donativo del Sr. Lastres al Ateneo de Madrid. 1907" |
|
| 852 | 4 |
_aES-MaACL _jD-244 _cSVI _hDonación: Francisco Lastres y Juiz _pv.7 _bR.H.4 _dOlim: 193-F-35 _fSello en tinta en portada: "Donativo del Sr. Lastres al Ateneo de Madrid. 1907" |
|
| 852 | 4 |
_aES-MaACL _jD-245 _cSVI _hDonación: Francisco Lastres y Juiz _pv.8 _bR.H.4 _dOlim: 193-F-36 _fSello en tinta en portada: "Donativo del Sr. Lastres al Ateneo de Madrid. 1907" |
|
| 852 | 4 |
_aES-MaACL _jD-246 _cSVI _hDonación: Francisco Lastres y Juiz _pv.9 _bR.H.4 _dOlim: 193-F-37 _fSello en tinta en portada: "Donativo del Sr. Lastres al Ateneo de Madrid. 1907" |
|
| 852 | 4 |
_aES-MaACL _jD-247 _cSVI _hDonación: Francisco Lastres y Juiz _pv.10 _bR.H.4 _dOlim: 193-F-38 _fSello en tinta en portada: "Donativo del Sr. Lastres al Ateneo de Madrid. 1907" |
|
| 852 | 4 |
_aES-MaACL _jD-248 _cSVI _hDonación: Francisco Lastres y Juiz _pv.11 _bR.H.4 _dOlim: 193-F-39 _fSello en tinta en portada: "Donativo del Sr. Lastres al Ateneo de Madrid. 1907" |
|
| 852 | 4 |
_aES-MaACL _jD-249 _cSVI _hDonación: Francisco Lastres y Juiz _pv.12 _bR.H.4 _dOlim: 193-F-40 _fSello en tinta en portada: "Donativo del Sr. Lastres al Ateneo de Madrid. 1907" |
|
| 852 | 4 |
_aES-MaACL _jD-250 _cSVI _hDonación: Francisco Lastres y Juiz _pv.13 _bR.H.4 _fSello en tinta en portada: "Donativo del Sr. Lastres al Ateneo de Madrid. 1907" |
|
| 852 | 4 |
_aES-MaACL _jD-251 _cSVI _hDonación: Francisco Lastres y Juiz _pv.14 _bR.H.4 _fSello en tinta en portada: "Donativo del Sr. Lastres al Ateneo de Madrid. 1907" |
|
| 856 | 4 | 1 |
_uhttps://prensahistorica.mcu.es/es/consulta/registro.do?id=1029737 _yBiblioteca Virtual de Prensa Histórica |
| 857 |
_31871-1872 _uhttp://www.memoriademadrid.es/buscador.php?accion=VerFicha&id=311208 _yMemoria de Madrid |
||
| 857 |
_31870-1883 _uhttp://hemerotecadigital.bne.es/issn/1577-9882 _yHemeroteca Digital |
||
| 866 | 0 | _o1870-1884 | |
| 903 |
_aLastres y Juiz, Francisco, _d1848-1918 _q1 _ednr _970504 |
||
| 942 |
_2udc _n0 _cPERIODICA |
||
| 955 | _bPilar Fernández Vera | ||
| 999 |
_c194043 _d194043 |
||